| 000 | 00402nam a2200157 a 4500 | ||
|---|---|---|---|
| 001 | 1776331134428 | ||
| 003 | YourLibrary | ||
| 005 | 20260416145132.0 | ||
| 008 | 260416s1981##################000#0#eng## | ||
| 020 | _a9780406851406 | ||
| 082 | 0 | 4 |
_a348.42 _bALL.1 |
| 245 | 1 | 0 | _aThe All England Law Reports, 1981 Volume 1 : |
| 260 | _c1981. | ||
| 942 | _cENGLISH | ||
| 040 |
_aYourLibrary _beng _cYourLibrary |
||
| 999 |
_c619454 _d619454 |
||